LEADER 00855nam0-22003011i-450- 001 990000079050403321 035 $a000007905 035 $aFED01000007905 035 $a(Aleph)000007905FED01 035 $a000007905 100 $a20011111d--------km-y0itay50------ba 101 0 $aita 105 $ay-------001yy 200 1 $aSpinte orizzontali, equilibrio e calo delle volte$fAlessandro Bajo. 210 $aNapoli$cTip. A. Trani$d1885 215 $a88 p.$cill.$d22 cm 610 0 $aVolte 676 $a624.177 5 700 1$aBajo,$bAlessandro$0332160 801 0$aIT$bUNINA$gRICA$2UNIMARC 901 $aBK 912 $a990000079050403321 952 $a13 AR 21 A 49$b3856$fFINBC 952 $a13 AR 21 B 68$b3862$fFINBC 959 $aFINBC 996 $aSpinte orizzontali, equilibrio e calo delle volte$9110140 997 $aUNINA DB $aING01 LEADER 01230nam0 22002651i 450 001 UON00192849 005 20231205103222.2 010 $a88-387-0408-2 100 $a20030730d1995 |0itac50 ba 101 $aita 102 $aIT 105 $a|||| ||||| 200 1 $aˆIl ‰ rapporto di lavoro con la Pubblica Amministrazione$edalla normativa di diritto pubblico ai contratti collettivi di diritto privato per il personale dei Ministeri, Enti pubblici non economici, Regioni ed Enti locali$f Antonietta Palmieri 210 $aRimini$cMaggioli Editore$d1995. 181 p. ; 24 cm. 606 $aItalia$xPubblica amministrazione$xRapporto di lavoro$3UONC039902$2FI 620 $aIT$dRimini$3UONL001074 676 $a344.01$cDiritto del Lavoro$v21 700 1$aPALMIERI$bAntonietta$3UONV107883$0500284 712 $aMaggioli Editore$3UONV265605$4650 801 $aIT$bSOL$c20250808$gRICA 899 $aSIBA - SISTEMA BIBLIOTECARIO DI ATENEO$2UONSI 912 $aUON00192849 950 $aSIBA - SISTEMA BIBLIOTECARIO DI ATENEO$dSI PUB C 0857 $eSI SC 28894 5 0857 $sBuono 996 $aRapporto di lavoro con la pubblica amministrazione$9744385 997 $aUNIOR